[Event "SCO-ch 125th"]
[Site "Paisley"]
[Date "2018.07.12"]
[Round "6"]
[White "Paul, Rabindra"]
[Black "Lees, Fraser A"]
[Result "1-0"]
[WhiteElo "1785"]
[BlackElo "1880"]
[PlyCount "109"]
[EventDate "2018.07.07"]
[EventType "swiss"]
[EventRounds "9"]
[EventCountry "SCO"]
[SourceTitle "CBM 185 Extra"]
[Source "ChessBase"]
[SourceDate "2018.07.29"]
[SourceVersion "1"]
[SourceVersionDate "2018.07.29"]
[SourceQuality "1"]

1. f4 Nf6 2. Nf3 b6 3. d3 e6 4. e4 d5 5. e5 Nfd7 6. d4 Ba6 7. Bxa6 Nxa6 8. Qe2 Qc8 9. 0-0 Be7 10. f5 h6 11. fxe6 fxe6 12. Nh4 Nf8 13. Ng6 Nxg6 14. Qh5 Kd7 15. Qxg6 Rg8 16. Rf7 Qe8 17. c4 c6 18. cxd5 cxd5 19. Nc3 Nc7 20. Be3 Rd8 21. Raf1 Kc8 22. Qh7 Rd7 23. Qd3 Bg5 24. R7f2 Be7 25. Qh7 Bd8 26. Rc1 Kb7 27. Qd3 a6 28. b4 Rf8 29. Rfc2 Na8 30. a4 Rc7 31. b5 a5 32. Ne2 Rff7 33. Qd2 Rxc2 34. Rxc2 Rc7 35. Nf4 g5 36. Nd3 Qd7 37. Nc5+ bxc5 38. dxc5 Qe7 39. c6+ Kb8 40. b6 Nxb6 41. Bxb6 Qb4 42. Bxc7+ Kxc7 43. Qxb4 axb4 44. Kf2 b3 45. Rb2 Kxc6 46. Rxb3 Bb6+ 47. Ke2 Bd4 48. a5 Bxe5 49. Rb6+ Kc7 50. Rxe6 Bxh2 51. Rxh6 Bd6 52. a6 Bc5 53. Kd3 Kb8 54. Rh7 Bf2 55. Rg7 1-0

[Event "SCO-ch 125th"]
[Site "Paisley"]
[Date "2018.07.10"]
[Round "4"]
[White "Green, Andrew"]
[Black "Lees, Fraser A"]
[Result "1/2-1/2"]
[WhiteElo "2074"]
[BlackElo "1880"]
[PlyCount "150"]
[EventDate "2018.07.07"]
[EventType "swiss"]
[EventRounds "9"]
[EventCountry "SCO"]
[SourceTitle "CBM 185 Extra"]
[Source "ChessBase"]
[SourceDate "2018.07.29"]
[SourceVersion "1"]
[SourceVersionDate "2018.07.29"]
[SourceQuality "1"]

1. d4 c5 2. d5 Nf6 3. Nc3 e5 4. e4 d6 5. Bb5+ Bd7 6. a4 a6 7. Be2 Be7 8. h3 h6 9. Nf3 Nh7 10. Nd2 a5 11. Nc4 0-0 12. g4 Na6 13. Be3 Be8 14. Qd2 Bh4 15. Nb5 Be7 16. 0-0 b6 17. Kg2 Bxb5 18. axb5 Nb8 19. b4 a4 20. bxc5 dxc5 21. Ra2 Ng5 22. f3 Bd6 23. Rfa1 f6 24. Rxa4 Rxa4 25. Rxa4 Qc7 26. Qc1 Nf7 27. Qa3 Qd8 28. Ra7 Bc7 29. Rb7 Nd6 30. Nxd6 Qxd6 31. Qa7 Rf7 32. Kf2 g5 33. Qa1 Nd7 34. Qa8+ Rf8 35. Qa7 Rc8 36. Qa6 Rd8 37. Ra7 Rb8 38. h4 Kf8 39. Qa1 Kg7 40. Qc1 Bd8 41. Qh1 Be7 42. Qa1 Kg8 43. Bc4 Kg7 44. Qa6 Kf8 45. Qa3 Kg7 46. Qc3 Kf8 47. Qd2 Kg7 48. Bb3 Kf8 49. Kg3 Kg7 50. Bc4 Rd8 51. Ra1 Kf8 52. Rh1 Kg7 53. Qh2 Rh8 54. Bd2 Nf8 55. Bc3 Ng6 56. hxg5 fxg5 57. Ra1 Nf4 58. Qd2 Bf6 59. Ra7+ Kg6 60. Qc1 h5 61. Bf1 hxg4 62. Qa3 gxf3 63. Qa6 Nxd5 64. Qb7 Nxc3 65. Qf7+ Kh6 66. Rd7 Qf8 67. Qe6 Nxe4+ 68. Kxf3 g4+ 69. Kxe4 Qa8+ 70. Rd5 Qa4+ 71. c4 Qc2+ 72. Rd3 Kg6 73. Qxg4+ Kf7 74. Qd7+ Kg6 75. Qg4+ Kf7 1/2-1/2

[Event "BCF-chT4S 1718 (4NCL)"]
[Site "England"]
[Date "2017.11.11"]
[Round "1.56"]
[White "John, Joshua"]
[Black "Lees, Fraser A"]
[Result "0-1"]
[WhiteElo "1529"]
[BlackElo "1883"]
[PlyCount "134"]
[EventDate "2017.11.11"]
[EventType "team-swiss"]
[EventRounds "11"]
[EventCountry "ENG"]
[SourceTitle "EXT 2020"]
[Source "ChessBase"]
[SourceDate "2019.10.17"]
[SourceVersion "1"]
[SourceVersionDate "2019.10.17"]
[SourceQuality "1"]
[WhiteTeam "CSC Dragons III"]
[BlackTeam "CSC Dragons II"]
[WhiteTeamCountry "ENG"]
[BlackTeamCountry "ENG"]

1. d4 Nf6 2. c4 g6 3. f3 Bg7 4. e4 d6 5. Nc3 0-0 6. Be3 e5 7. d5 Nh5 8. Qd2 Nf4 9. Nge2 f5 10. 0-0-0 Nxe2+ 11. Bxe2 f4 12. Bf2 Nd7 13. h4 h5 14. Rdg1 Nf6 15. g3 Kh7 16. Kb1 Bd7 17. Rg2 Be8 18. Rhg1 a6 19. gxf4 exf4 20. Qxf4 Ng4 21. Qg3 Be5 22. Qh3 Nxf2 23. Rxf2 Bd4 24. Rfg2 Bxg1 25. Rxg1 Bd7 26. Qg3 Qf6 27. Bd3 Be8 28. e5 Qxe5 29. Ne4 Qxg3 30. Rxg3 Rc8 31. Ng5+ Kh6 32. Ne6 Rf6 33. Kc2 c6 34. Kd2 cxd5 35. cxd5 Bf7 36. f4 Bxe6 37. dxe6 Re8 38. Ke3 Rexe6+ 39. Kf3 d5 40. Rg5 d4 41. Be4 b6 42. Rg2 Rd6 43. Bd3 a5 44. Re2 Rfe6 45. Re5 Kg7 46. Ke4 Rxe5+ 47. fxe5 Rd8 48. Kf4 Kf7 49. Kg5 Ke6 50. Kxg6 Kxe5 51. Kxh5 Rg8 52. Kh6 Rg3 53. Bg6 d3 54. Bxd3 Rxd3 55. h5 Rd2 56. Kg7 Rxb2 57. h6 Rxa2 58. h7 Rh2 59. h8Q Rxh8 60. Kxh8 a4 61. Kg7 a3 62. Kh6 a2 63. Kg5 a1Q 64. Kg4 Qf1 65. Kh4 Qg2 66. Kh5 Kf5 67. Kh6 Qg6# 0-1

[Event "BCF-chT4S 1617 (4NCL)"]
[Site "England"]
[Date "2017.05.01"]
[Round "11.43"]
[White "Lees, Fraser A"]
[Black "Davies, Matthew"]
[Result "1/2-1/2"]
[WhiteElo "1860"]
[BlackElo "1958"]
[PlyCount "94"]
[EventDate "2016.11.26"]
[EventType "team-swiss"]
[EventRounds "11"]
[EventCountry "ENG"]
[SourceTitle "EXT 2019"]
[Source "ChessBase"]
[SourceDate "2018.10.10"]
[SourceVersion "1"]
[SourceVersionDate "2018.10.10"]
[SourceQuality "1"]
[WhiteTeam "CSC Rhinos"]
[BlackTeam "West is Best II"]
[WhiteTeamCountry "ENG"]
[BlackTeamCountry "WLS"]

1. d4 d5 2. Bf4 Nf6 3. e3 e6 4. Nd2 Bd6 5. Ngf3 b6 6. c3 0-0 7. Bg3 Bb7 8. Qc2 c5 9. Be2 Nc6 10. Ne5 Qc7 11. Nxc6 Qxc6 12. f4 Ne4 13. Nxe4 dxe4 14. 0-0 cxd4 15. exd4 f5 16. Qb3 Bc7 17. Bb5 Qd6 18. Rae1 Bd5 19. c4 Bc6 20. Bxc6 Qxc6 21. d5 Qd6 22. Rd1 Rfe8 23. Rfe1 Bd8 24. Qb5 Bf6 25. b3 g6 26. b4 exd5 27. Rxd5 Qe6 28. Bf2 Rad8 29. Be3 Rxd5 30. cxd5 Qf7 31. Qc6 Rd8 32. Rd1 Kg7 33. Kf2 Qd7 34. b5 Qd6 35. g3 Kf7 36. h3 Rd7 37. a4 Ke7 38. a5 Rc7 39. Qxd6+ Kxd6 40. axb6 axb6 41. Rd2 Bc3 42. Rd1 Bb4 43. Kf1 Bc5 44. Bc1 Ra7 45. Bb2 Ra2 46. Rd2 Kd7 47. Re2 Ra5 1/2-1/2

[Event "BCF-chT4S 1617 (4NCL)"]
[Site "England"]
[Date "2017.04.30"]
[Round "10.23"]
[White "Brozel, Sacha"]
[Black "Lees, Fraser A"]
[Result "0-1"]
[WhiteElo "2132"]
[BlackElo "1860"]
[PlyCount "106"]
[EventDate "2016.11.26"]
[EventType "team-swiss"]
[EventRounds "11"]
[EventCountry "ENG"]
[SourceTitle "EXT 2019"]
[Source "ChessBase"]
[SourceDate "2018.10.10"]
[SourceVersion "1"]
[SourceVersionDate "2018.10.10"]
[SourceQuality "1"]
[WhiteTeam "Barnet Knights"]
[BlackTeam "CSC Rhinos"]
[WhiteTeamCountry "ENG"]
[BlackTeamCountry "ENG"]

1. c4 Nf6 2. g3 g6 3. Bg2 Bg7 4. Nc3 0-0 5. e4 d6 6. Nge2 Nc6 7. 0-0 e5 8. d3 Bg4 9. h3 Bd7 10. Bg5 h6 11. Be3 Ne8 12. Qd2 Kh7 13. f4 Nd4 14. f5 Nxe2+ 15. Nxe2 c5 16. h4 gxf5 17. exf5 Bc6 18. Nc3 Nf6 19. Ne4 Nxe4 20. dxe4 Qf6 21. Rad1 Rad8 22. Qe2 Qe7 23. f6 Bxf6 24. Bxh6 Kxh6 25. Rf5 Kh7 26. Qh5+ Kg8 27. Qg4+ Bg7 28. h5 Qe6 29. Qh4 Qh6 30. g4 f6 31. g5 fxg5 32. Rxg5 Kh8 33. Rg6 Qe3+ 34. Kh1 Qf4 35. Qe7 Rd7 36. Qe6 Qh4+ 37. Kg1 Qf2+ 38. Kh1 Rf4 39. Rd3 Rh4+ 40. Rh3 Rxh3+ 41. Qxh3 Kh7 42. Qg4 Qf4 43. Qe2 Bf6 44. Rg4 Qc1+ 45. Kh2 Rg7 46. Rxg7+ Bxg7 47. Bf3 Qf4+ 48. Kh1 Bh6 49. b3 Qh4+ 50. Kg1 Qg3+ 51. Bg2 Be3+ 52. Kf1 Kh6 53. Bf3 Qg1# 0-1

[Event "London Classic op U2050-A 8th"]
[Site "London"]
[Date "2016.12.10"]
[Round "3"]
[White "Lovell, William Pm"]
[Black "Lees, Fraser A"]
[Result "0-1"]
[WhiteElo "1565"]
[BlackElo "1858"]
[PlyCount "82"]
[EventDate "2016.12.09"]
[EventType "swiss"]
[EventRounds "5"]
[EventCountry "ENG"]
[SourceTitle "EXT 2019"]
[Source "ChessBase"]
[SourceDate "2018.10.10"]
[SourceVersion "1"]
[SourceVersionDate "2018.10.10"]
[SourceQuality "1"]

1. d4 Nf6 2. Nf3 g6 3. c4 Bg7 4. g3 d6 5. Bg2 0-0 6. 0-0 Nc6 7. Nc3 a6 8. Re1 Na5 9. b3 c5 10. e3 Rb8 11. a4 Bd7 12. Bf1 Nc6 13. d5 Nb4 14. Rb1 Qc8 15. e4 Ng4 16. Bb2 Ne5 17. Nxe5 dxe5 18. Ba3 a5 19. Bxb4 axb4 20. Na2 f5 21. f3 fxe4 22. fxe4 Bh6 23. Nc1 Bg4 24. Be2 Be3+ 25. Kh1 Bxe2 26. Qxe2 Bd4 27. Nd3 Qh3 28. Rf1 h5 29. Rbd1 Kg7 30. Rxf8 Rxf8 31. Qg2 Qg4 32. Rf1 Rxf1+ 33. Qxf1 Qxe4+ 34. Qg2 Qxd3 35. h4 e4 36. Kh2 Qf3 37. Qd2 Qf2+ 38. Qxf2 Bxf2 39. Kg2 Bd4 40. Kf1 Kf6 41. Ke2 Kf5 0-1

[Event "London Classic op U2050-A 8th"]
[Site "London"]
[Date "2016.12.09"]
[Round "1"]
[White "Saravanan, Aadarsh"]
[Black "Lees, Fraser A"]
[Result "0-1"]
[WhiteElo "1584"]
[BlackElo "1858"]
[PlyCount "52"]
[EventDate "2016.12.09"]
[EventType "swiss"]
[EventRounds "5"]
[EventCountry "ENG"]
[SourceTitle "EXT 2019"]
[Source "ChessBase"]
[SourceDate "2018.10.10"]
[SourceVersion "1"]
[SourceVersionDate "2018.10.10"]
[SourceQuality "1"]

1. d4 Nf6 2. c4 g6 3. Nc3 Bg7 4. e4 d6 5. f3 0-0 6. Be3 e5 7. d5 c6 8. Bd3 cxd5 9. cxd5 a6 10. Nge2 Nbd7 11. Rc1 Nh5 12. g4 Nf4 13. Nxf4 exf4 14. Bxf4 Ne5 15. 0-0 f5 16. gxf5 gxf5 17. Be2 fxe4 18. fxe4 Rxf4 19. Kh1 Rxf1+ 20. Qxf1 Qg5 21. Na4 Bh3 22. Qg1 Bg2+ 23. Qxg2 Qxc1+ 24. Bf1 Rf8 25. Kg1 Nf3+ 26. Kh1 Nd2 0-1

[Event "BCF-chT4S 1617 (4NCL)"]
[Site "England"]
[Date "2016.11.27"]
[Round "2.102"]
[White "Dias, Savin"]
[Black "Lees, Fraser A"]
[Result "0-1"]
[WhiteElo "1810"]
[BlackElo "1860"]
[PlyCount "74"]
[EventDate "2016.11.26"]
[EventType "team-swiss"]
[EventRounds "11"]
[EventCountry "ENG"]
[SourceTitle "EXT 2019"]
[Source "ChessBase"]
[SourceDate "2018.10.10"]
[SourceVersion "1"]
[SourceVersionDate "2018.10.10"]
[SourceQuality "1"]
[WhiteTeam "Wood Green II"]
[BlackTeam "CSC Hippos"]
[WhiteTeamCountry "ENG"]
[BlackTeamCountry "ENG"]

1. d4 Nf6 2. Bg5 g6 3. Bxf6 exf6 4. e4 Bg7 5. c3 d6 6. Nf3 Nc6 7. Bd3 0-0 8. 0-0 Bg4 9. h3 Bd7 10. Re1 Re8 11. Nbd2 Qc8 12. Nh2 Bh6 13. Ndf1 a6 14. Qf3 Bg7 15. Ne3 Rb8 16. Nhf1 b5 17. Ng3 Ne7 18. h4 c5 19. d5 c4 20. Bc2 a5 21. Qe2 Qc5 22. Red1 Rec8 23. h5 b4 24. b3 cxb3 25. cxb4 Qxb4 26. axb3 Bb5 27. Qd2 Qxd2 28. Rxd2 f5 29. Rxa5 f4 30. hxg6 hxg6 31. Bd3 Bxd3 32. Rxd3 fxg3 33. fxg3 Be5 34. Kf2 Rc3 35. Rxc3 Bxc3 36. Ra7 Kf8 37. Nc4 Bd4+ 0-1

[Event "SCO-ch 123rd"]
[Site "Glasgow"]
[Date "2016.07.12"]
[Round "4"]
[White "Lees, Fraser A"]
[Black "Sanger, Jake M"]
[Result "1-0"]
[WhiteElo "1818"]
[BlackElo "1550"]
[PlyCount "69"]
[EventDate "2016.07.09"]
[EventType "swiss"]
[EventRounds "9"]
[EventCountry "SCO"]
[SourceTitle "CBM 173 Extra"]
[Source "ChessBase"]
[SourceDate "2016.08.29"]
[SourceVersion "1"]
[SourceVersionDate "2016.08.29"]
[SourceQuality "1"]

1. d4 Nf6 2. c4 g6 3. Nc3 d5 4. f3 Bg7 5. e4 dxe4 6. fxe4 0-0 7. Nf3 c5 8. d5 Bg4 9. Be2 a6 10. a4 Qc7 11. 0-0 Bxf3 12. Bxf3 Nbd7 13. Bg5 Ne5 14. Be2 Qd7 15. Bf4 Nfg4 16. h3 h5 17. hxg4 Nxg4 18. Bxg4 hxg4 19. e5 Qf5 20. Qe2 Kh7 21. Qe4 Qd7 22. Rad1 f5 23. Qe1 Rh8 24. g3 Kg8 25. e6 Qe8 26. Kg2 Bf6 27. Rh1 Rxh1 28. Qxh1 Bxc3 29. bxc3 Qxa4 30. Qf1 Qc2+ 31. Rd2 Qxc3 32. Qe2 Qf3+ 33. Qxf3 gxf3+ 34. Kxf3 b5 35. Be5 1-0

[Event "BCF-chT3Sb 1516 (4NCL)"]
[Site "England"]
[Date "2016.01.16"]
[Round "3.129"]
[White "Matthews, Adrian MS"]
[Black "Lees, Fraser A"]
[Result "1-0"]
[WhiteElo "1873"]
[BlackElo "1836"]
[PlyCount "83"]
[EventDate "2015.11.14"]
[EventType "team-swiss"]
[EventRounds "7"]
[EventCountry "ENG"]
[SourceTitle "CBM 170 Extra"]
[Source "ChessBase"]
[SourceDate "2016.02.25"]
[SourceVersion "1"]
[SourceVersionDate "2016.02.25"]
[SourceQuality "1"]
[WhiteTeam "MK Phoenix II"]
[BlackTeam "CSC Rhinos II"]
[WhiteTeamCountry "ENG"]
[BlackTeamCountry "ENG"]

1. e4 g6 2. Nc3 Bg7 3. d4 d6 4. Nf3 Nd7 5. Bc4 e6 6. Bg5 Ne7 7. Qd2 Nb6 8. Bb3 h6 9. Bh4 0-0 10. 0-0 Bd7 11. a4 a5 12. Nb5 g5 13. Bg3 Bxb5 14. axb5 a4 15. Ba2 Rc8 16. c4 c5 17. dxc5 dxc5 18. Rad1 Qxd2 19. Rxd2 g4 20. Ne5 Rfd8 21. Rfd1 Rd4 22. Rxd4 cxd4 23. b3 axb3 24. Bxb3 f6 25. Nd3 Nd7 26. Bd6 Ng6 27. c5 Kf7 28. Ra1 Bf8 29. Bxf8 Ngxf8 30. Ra7 Rb8 31. Kf1 Kg6 32. Ke2 Rc8 33. Nf4+ Kf7 34. Rxb7 Rxc5 35. Nxe6 Rc2+ 36. Bxc2 Kxe6 37. Rc7 Ne5 38. b6 Nfd7 39. b7 Kd6 40. Rc8 Nc6 41. Ba4 d3+ 42. Kd2 1-0

[Event "Hampstead op 30th"]
[Site "Hampstead"]
[Date "2015.07.05"]
[Round "5"]
[White "Lees, Fraser A"]
[Black "Wu, Haoran"]
[Result "0-1"]
[WhiteElo "1857"]
[BlackElo "1782"]
[PlyCount "96"]
[EventDate "2015.07.04"]
[EventType "swiss"]
[EventRounds "5"]
[EventCountry "ENG"]
[SourceTitle "CBM 167 Extra"]
[Source "ChessBase"]
[SourceDate "2015.09.14"]
[SourceVersion "1"]
[SourceVersionDate "2015.09.14"]
[SourceQuality "1"]

1. f4 e6 2. Nf3 d5 3. e3 Nf6 4. b3 Bd6 5. Bb2 c5 6. Be2 Nc6 7. Ne5 Qc7 8. d4 Ne4 9. Nxc6 bxc6 10. 0-0 0-0 11. Nd2 a5 12. Nxe4 dxe4 13. c4 Bd7 14. Qc2 f5 15. Rfd1 Rad8 16. Rd2 cxd4 17. Bxd4 c5 18. Bb2 Bc6 19. Rad1 Be7 20. Be5 Qb6 21. Qc3 Rxd2 22. Rxd2 Bf6 23. Rd6 Qc7 24. Rxe6 Qd7 25. Rd6 Qxd6 26. Bxd6 Bxc3 27. Bxf8 Kxf8 28. g4 Bd2 29. Kf2 g6 30. gxf5 gxf5 31. Bf1 Kg7 32. Be2 Be8 33. Bd1 Bb4 34. a4 Kh6 35. Kg3 Be1+ 36. Kg2 Bh5 37. Bc2 Bf3+ 38. Kf1 Bb4 39. Kf2 Kh5 40. Kg1 Kh4 41. Kf2 Kh3 42. Kg1 Bd2 43. Kf2 Kxh2 44. Bb1 h5 45. Bc2 h4 46. Bb1 h3 47. Bc2 Bxe3+ 48. Kxe3 Kg2 0-1

[Event "Hampstead op 30th"]
[Site "Hampstead"]
[Date "2015.07.04"]
[Round "2"]
[White "Gaudeau, Valentin"]
[Black "Lees, Fraser A"]
[Result "1-0"]
[WhiteElo "2113"]
[BlackElo "1857"]
[PlyCount "67"]
[EventDate "2015.07.04"]
[EventType "swiss"]
[EventRounds "5"]
[EventCountry "ENG"]
[SourceTitle "CBM 167 Extra"]
[Source "ChessBase"]
[SourceDate "2015.09.14"]
[SourceVersion "1"]
[SourceVersionDate "2015.09.14"]
[SourceQuality "1"]

1. f4 e5 2. fxe5 d6 3. exd6 Bxd6 4. Nf3 g5 5. g3 Nc6 6. c3 g4 7. Nh4 Be6 8. d4 Be7 9. Ng2 Qd5 10. Nd2 f5 11. e3 Qd7 12. c4 Bf7 13. Nf4 0-0-0 14. Qa4 Nxd4 15. Qxd7+ Rxd7 16. exd4 Rxd4 17. Bg2 Bb4 18. a3 Bxd2+ 19. Bxd2 Nh6 20. 0-0-0 Rxc4+ 21. Kb1 Re8 22. Rhe1 Rxe1 23. Rxe1 Ng8 24. Bc3 c6 25. Re5 Nh6 26. Bf1 Re4 27. Bd3 Rxe5 28. Bxe5 Bg6 29. Nxg6 hxg6 30. Bc4 b5 31. Bb3 f4 32. Bxf4 Nf5 33. Bf7 Ne7 34. Be6+ 1-0

[Event "Hampstead op U2200 11-A"]
[Site "Hampstead"]
[Date "2013.11.24"]
[Round "5"]
[White "Dwarakanathan, Srinidhi"]
[Black "Lees, Fraser A"]
[Result "0-1"]
[WhiteElo "1362"]
[BlackElo "1780"]
[PlyCount "72"]
[EventDate "2013.11.23"]
[EventType "swiss"]
[EventRounds "5"]
[EventCountry "ENG"]
[SourceTitle "EXT 2015"]
[Source "ChessBase"]
[SourceDate "2014.11.20"]
[SourceVersion "1"]
[SourceVersionDate "2014.11.20"]
[SourceQuality "1"]

1. e4 c6 2. d4 g6 3. Nc3 Bg7 4. Nf3 d6 5. Be3 Nf6 6. Be2 0-0 7. 0-0 Qc7 8. Qd2 Ng4 9. d5 Nxe3 10. Qxe3 Nd7 11. Rfd1 c5 12. Rab1 a6 13. a4 Rb8 14. h3 Qa5 15. Ra1 Ne5 16. Nxe5 Bxe5 17. Qf3 f5 18. Qd3 f4 19. Qf3 Bd7 20. Kf1 Rf7 21. h4 h5 22. Qd3 Rc8 23. Qd2 Bf6 24. Qd3 c4 25. Qd2 Qb6 26. Rdb1 Bxh4 27. Bd1 Bf6 28. Bf3 Be5 29. Kg1 Qb4 30. Kf1 Rh7 31. Ke2 g5 32. g3 g4 33. Bh1 f3+ 34. Kf1 Bf6 35. Ke1 h4 36. gxh4 Rxh4 0-1

[Event "Hampstead op U2200 07"]
[Site "Hampstead"]
[Date "2013.07.20"]
[Round "2"]
[White "Ismailov, Roman"]
[Black "Lees, Fraser A"]
[Result "1/2-1/2"]
[WhiteElo "2073"]
[BlackElo "1802"]
[PlyCount "57"]
[EventDate "2013.07.20"]
[EventType "swiss"]
[EventRounds "5"]
[EventCountry "ENG"]
[SourceTitle "EXT 2023"]
[Source "ChessBase"]
[SourceDate "2022.10.05"]
[SourceVersion "1"]
[SourceVersionDate "2022.10.05"]
[SourceQuality "1"]

1. d4 b6 2. c4 Bb7 3. Nc3 Nf6 4. d5 e5 5. e4 Bb4 6. Bd3 Bxc3+ 7. bxc3 d6 8. f4 Nbd7 9. Qe2 Qe7 10. Nf3 Nc5 11. Bc2 Nfd7 12. 0-0 f6 13. Bd2 0-0-0 14. Rae1 Kb8 15. a3 a5 16. Rb1 Ba6 17. Rfe1 Rhg8 18. Kh1 g5 19. f5 Rg7 20. g3 Rdg8 21. Rb2 h5 22. Reb1 Ka7 23. Be3 Rd8 24. Bf2 g4 25. Nh4 Nf8 26. Be3 Nh7 27. Rf1 Bc8 28. Qd2 Ba6 29. Qe2 1/2-1/2

[Event "Hampstead op U2200 07"]
[Site "Hampstead"]
[Date "2013.07.20"]
[Round "1"]
[White "Lees, Fraser A"]
[Black "Karia, Rishul"]
[Result "1-0"]
[WhiteElo "1802"]
[BlackElo "1490"]
[PlyCount "71"]
[EventDate "2013.07.20"]
[EventType "swiss"]
[EventRounds "5"]
[EventCountry "ENG"]
[SourceTitle "EXT 2023"]
[Source "ChessBase"]
[SourceDate "2022.10.05"]
[SourceVersion "1"]
[SourceVersionDate "2022.10.05"]
[SourceQuality "1"]

1. e4 e5 2. f4 Bc5 3. Nf3 d6 4. Nc3 Bg4 5. Bc4 Nc6 6. d3 Nd4 7. Bxf7+ Kxf7 8. Nxe5+ dxe5 9. Qxg4 Nxc2+ 10. Ke2 Nxa1 11. fxe5 Ke8 12. Qxg7 Qh4 13. Rf1 Qh5+ 14. Rf3 Nc2 15. Nb5 Rc8 16. e6 Be7 17. Qxh8 Qg4 18. Kf2 c6 19. Rg3 Bh4 20. Nd6+ Kd8 21. e7+ Kc7 22. e8Q Bxg3+ 23. hxg3 Rxe8 24. Nxe8+ Kd8 25. Ng7 Ke7 26. Qxg8 Kd7 27. Qe8+ Kd6 28. Nf5+ Kc5 29. Qe7+ Kb6 30. Be3+ Ka6 31. Qc5 Qd1 32. Qxa7+ Kb5 33. Qb6+ Ka4 34. Qa7+ Kb4 35. Bc5+ Kb5 36. a4# 1-0

[Event "SCO-ch 120th"]
[Site "Helensburgh"]
[Date "2013.07.06"]
[Round "1"]
[White "Lees, Fraser A"]
[Black "Olson, Hamish"]
[Result "1/2-1/2"]
[WhiteElo "1802"]
[BlackElo "2021"]
[PlyCount "137"]
[EventDate "2013.07.06"]
[EventType "swiss"]
[EventRounds "9"]
[EventCountry "SCO"]
[SourceTitle "EXT 2014"]
[Source "ChessBase"]
[SourceDate "2013.11.20"]
[SourceVersion "1"]
[SourceVersionDate "2013.11.20"]
[SourceQuality "1"]

1. e4 d6 2. d4 Nf6 3. Nc3 e5 4. Nge2 Nbd7 5. f3 c6 6. Be3 b5 7. Qd2 Bb7 8. Ng3 g6 9. Be2 a6 10. f4 h5 11. Bf3 Ng4 12. Bxg4 hxg4 13. f5 Qh4 14. 0-0-0 Bh6 15. fxg6 fxg6 16. Bxh6 Qxh6 17. Qxh6 Rxh6 18. dxe5 dxe5 19. Rd2 0-0-0 20. Nd1 Nc5 21. Ne3 Rxd2 22. Kxd2 Rh4 23. h3 gxh3 24. Rxh3 Rxh3 25. gxh3 Kd7 26. Ng4 Kd6 27. b3 Bc8 28. Nf2 g5 29. Ke3 b4 30. Ne2 Ne6 31. c4 Nf4 32. Ng1 a5 33. Ng4 Nxh3 34. Nxh3 Bxg4 35. Nxg5 Bd1 36. Kd2 Bh5 37. Ke3 Kc5 38. Ne6+ Kd6 39. Ng5 Be8 40. Nf3 c5 41. Ne1 a4 42. Nd3 Bf7 43. Nc1 a3 44. Kd3 Ke6 45. Ne2 Bh5 46. Nc1 Bf3 47. Ke3 Bg2 48. Nd3 Kd6 49. Nc1 Bf1 50. Kf2 Bh3 51. Ke3 Be6 52. Kd3 Ke7 53. Kc2 Bf7 54. Kd2 Bh5 55. Nd3 Kd6 56. Nf2 Bf7 57. Kd3 Be6 58. Nd1 Bg4 59. Ne3 Bf3 60. Nf5+ Kd7 61. Ne3 Ke6 62. Nf1 Bd1 63. Nd2 Kf6 64. Ke3 Kg5 65. Kf2 Kf4 66. Ke1 Bc2 67. Ke2 Bxe4 68. Nf1 Bb1 69. Ke1 1/2-1/2

[Event "Sunningdale e2e4 op U2050 05"]
[Site "Sunningdale"]
[Date "2013.05.27"]
[Round "7"]
[White "Keen, Cosima C"]
[Black "Lees, Fraser A"]
[Result "0-1"]
[WhiteElo "1710"]
[BlackElo "1841"]
[PlyCount "84"]
[EventDate "2013.05.24"]
[EventType "swiss"]
[EventRounds "7"]
[EventCountry "ENG"]
[SourceTitle "EXT 2014"]
[Source "ChessBase"]
[SourceDate "2013.11.20"]
[SourceVersion "1"]
[SourceVersionDate "2013.11.20"]
[SourceQuality "1"]

1. d4 g6 2. Nf3 Bg7 3. Bf4 d5 4. e3 Bg4 5. Be2 Nd7 6. h3 Bxf3 7. Bxf3 e6 8. 0-0 c5 9. c3 Qb6 10. Qc2 Rc8 11. Qe2 f5 12. Na3 a6 13. Rab1 Ne7 14. Qd2 0-0 15. Nc2 Nf6 16. Ne1 Ne4 17. Qe2 c4 18. Qc2 Qc6 19. Be2 h6 20. Nf3 g5 21. Be5 Nf6 22. Bh2 Ng6 23. Nd2 Ne4 24. Bh5 Ne7 25. Nxe4 dxe4 26. Rfe1 Nd5 27. Rbd1 b5 28. a3 a5 29. Ra1 Ra8 30. Ra2 b4 31. axb4 axb4 32. Raa1 b3 33. Qe2 Ra2 34. Qd2 Rfa8 35. Rxa2 bxa2 36. Ra1 g4 37. hxg4 Nf6 38. Qe2 Nxh5 39. gxh5 Bf8 40. Bf4 Qb5 41. Qc2 Qb3 42. Qxb3 cxb3 0-1

[Event "Hampstead U2200 op 2nd"]
[Site "Hampstead"]
[Date "2012.11.25"]
[Round "5"]
[White "Muter, Donny"]
[Black "Lees, Fraser A"]
[Result "0-1"]
[WhiteElo "2199"]
[BlackElo "1825"]
[PlyCount "76"]
[EventDate "2012.11.24"]
[EventType "swiss"]
[EventRounds "5"]
[EventCountry "ENG"]
[SourceTitle "EXT 2019"]
[Source "ChessBase"]
[SourceDate "2018.10.10"]
[SourceVersion "1"]
[SourceVersionDate "2018.10.10"]
[SourceQuality "1"]

1. d4 g6 2. e4 Bg7 3. Nc3 c6 4. f4 d5 5. e5 Qb6 6. Nf3 h5 7. Be2 Nh6 8. 0-0 Bg4 9. Na4 Qc7 10. h3 Bxf3 11. Bxf3 Nf5 12. Qd3 Nd7 13. b3 b5 14. Nc3 b4 15. Ne2 e6 16. a3 Bf8 17. axb4 Bxb4 18. c4 a5 19. Bb2 Qb6 20. Kh2 Be7 21. c5 Bxc5 22. dxc5 Nxc5 23. Bd4 Qxb3 24. Qd2 Qd3 25. Qxd3 Nxd3 26. Bb6 c5 27. Nc1 Nxf4 28. Bxc5 h4 29. Bd1 g5 30. Ba4+ Kd8 31. Rb1 Rc8 32. Bg1 d4 33. Rb7 Rc7 34. Rb8+ Rc8 35. Rxc8+ Kxc8 36. Bc2 Ng3 37. Rd1 Rd8 38. Bxd4 Nfe2 0-1